MARC

LEADER 00000nam0a2200000 4500
001 149790
005 20231101221439.0
010 |a 5265000755 
020 |a RU  |b 89-22205 
035 |a (RuTPU)RU\TPU\book\162395 
090 |a 149790 
100 |a 20081222d1989 m y0rusy5003 ca 
101 0 |a rus 
102 |a RU 
105 |a c z 000ay 
200 1 |a Избранное  |f В. Н. Соколов 
210 |a Москва  |c Советский писатель  |d 1989 
215 |a 588,[1] с.  |c портр.  |d 21 см 
610 1 |a советская литература 
610 1 |a поэзия 
610 1 |a стихи 
610 1 |a поэмы 
675 |a Р2  |z rus 
700 1 |a Соколов  |b В. Н.  |c русский поэт  |f 1928-1997  |g Владимир Николаевич  |2 stltpush  |3 (RuTPU)RU\TPU\pers\14880  |9 5033 
801 0 |a RU  |b RuMRKP  |c 19950417  |g psbo 
801 1 |a RU  |b 63413507  |c 20081222  |g PSBO 
801 2 |a RU  |b 63413507  |c 20081222  |g PSBO 
942 |c BK